000 00462ntaaa2200181 4500
003 01
005 20251027202100.0
008 0714s1973 ag 01
040 _aAR-BaBN
_bspa
_cAR-BaBN
_eaacr
_dRIC
082 _a252.0000 R56
100 _aRobinson, Wm. Childs
_912836
245 _aChrist, the bread of life
250 _a1 ed.
260 _aGrand Rapids :
_bWm. B. Eerdmans Publishing Company,
_cc1950
300 _a190 p
500 _aMensajes
942 _cBK
999 _c15688
_d15688